Songs of Mariah Carey - 90's songs - Statistics

General Stats
  • This quiz has been taken 727 times
  • The average score is 12 of 17
Answer Stats
Hint Answer % Correct
..If you look inside your heart.. You don't have to be afraid.. Of what you are.. Hero
92%
Treated me kind.. Sweet destiny ..Carried me through desperation.. Vision of love
88%
And I know you're shining down on me from heaven.. Like so many friends we've lost along the way One sweet day
85%
And we'll linger on.. Time can't erase a feeling this strong.. No way you're never gonna shake me.. Always be my baby
84%
Spread your wings and prepare to fly.. Butterfly
84%
I feel good.. I feel nice.. I've never felt so.. Satisfied.. I'm in love.. I'm alive.. Emotions
83%
..To have just one more night with you.. I'd risk my life to feel.. Your body next to mine.. My all
80%
..To heal when you're hurting so much.. Couldn't see that I was blind.. To let you go.. Love takes time
79%
..Though hope is frail.. It's hard to kill.. Who knows what miracles.. You can achieve.. When you believe
75%
..You always smile but in your eyes.. Your sorrow shows.. Yes it shows.. Without you
75%
..I'll reach out my hand to you.. I'll have faith in all you do.. Just call my name.. I'll be there
74%
..Someday you and me.. Will find ourselves in love again.. I still believe
65%
..Cause there's.. There's a light in me.. That shines brightly.. They can try but they.. Can't take that away
61%
Nothing to hide.. Believe what I say.. So here I am.. Open arms
60%
How can I just let you walk away.. Just let you leave without a trace.. Against all odds (Take a look at me now)
57%
..You will always be the only one.. You will always be the only one.. Forever
53%
..I won't ever be too far away to feel you.. And I won't hesitate at all.. Whenever you call
51%
No matching quizzes found
Score Distribution
Percent of People with Each Score
Percentile by Number Answered
Your Score History
You have not taken this quiz